000 00973nam a22002177a 4500
001 4055
003 FISKH
005 20240604104619.0
008 240604b cb ||||| |||| 00| 0 eng d
020 _a9780233002866
040 _aFISKH
_beng
_cFISKH
_dFISKH
050 _aD843.F748
082 _a909.825
100 _aFriedman, Norman
245 _aThe Cold War /
_bfrom the descent of the iron curtain to the fall of the Berlin Wall and the collapse of communism in Europe
_cNorman Friedman
260 _aLondon
_bCarlton,
_c2009
300 _a61 pages :
_c29 cm.
500 _aNumerous additional materials or "memorabilia" included; instructional simulated primary source documents such as newspapers, letters, and posters.
520 _aWritten by a leading American defense analyst, Dr Norman Friedman, The Compact Guide: The Cold War is supplemented with 60 photographs and documents that allow the reader to witness the events as they unfolded.
942 _2ddc
_cBK
_n0
999 _c4055
_d4055